А солнце видит все...: Сборник; пер. с урду

Podrobná bibliografie
Další autoři: Сухочев А. (автор предисловия), Васильева Л. (составитель)
Jazyk:ruština
Vydáno: Москва, Радуга, 1988
Témata:
Médium: MixedMaterials Kniha
KOHA link:https://koha.lib.tpu.ru/cgi-bin/koha/opac-detail.pl?biblionumber=131161

MARC

LEADER 00000nam0a2200000 4500
001 131161
005 20260128162832.0
010 |a 5050022347 
035 |a (RuTPU)RU\TPU\book\142056 
090 |a 131161 
100 |a 20080213d1988 m y0rusy5003 ca 
101 1 |a rus  |c rus 
102 |a RU 
105 |a y z 000ay 
200 1 |a А солнце видит все...  |e Сборник   |e пер. с урду  |f авт. предисл. А. Сухочев ; сост. Л. Васильева 
210 |a Москва  |c Радуга  |d 1988 
215 |a 336 с.  |d 21 см 
327 1 |a Содерж.: Незрячие: Роман / Джогиндер Пал. Дилруба: Повесть / Куррат уль-Айн Хайдар; Рассказы: Красное и желтое / Ходжа Ахмад Аббас. Желтая роза / Разия Саджад Захир. Бабушка малышки / Исмат Чугтаи. Утратившие корни; Папки / Рам Лал. Кукольный домик / Джилани Бано. Светильник в рост человека; Бронзовый колокол / Кази Абдуссаттар, и рассказы др. авт. 
606 |a Индийская литература  |9 39276 
610 1 |a художественная литература 
610 1 |a повести 
610 1 |a рассказы 
675 |a 891.4  |v 4 
702 1 |a Сухочев  |b А.  |4 080 
702 1 |a Васильева  |b Л.  |4 220 
801 0 |a RU  |b RuMRKP  |c 19950417  |g psbo 
801 1 |a RU  |b 63413507  |c 20080213  |g PSBO 
801 2 |a RU  |b 63413507  |c 20080317  |g PSBO 
942 |c BK